A leány érzelemvilága
Elmentve itt :
| Szerző: | |
|---|---|
| Dokumentumtípus: | Könyv |
| Megjelent: |
1883
|
| Kulcsszavak: | Pszichológia - nők, Magyar irodalom - próza |
| Online Access: | http://misc.bibl.u-szeged.hu/25282 |
| LEADER | 00551nam a2200157 i 4500 | ||
|---|---|---|---|
| 001 | misc25282 | ||
| 005 | 20191207095642.0 | ||
| 008 | 171106s1883 hu o 0|| zxx d | ||
| 040 | |a SZTE Miscellanea Repozitórium |b hun | ||
| 041 | |a zxx | ||
| 100 | 2 | |a Kuliffay Edéné Beniczky Irma | |
| 245 | 1 | 2 | |a A leány érzelemvilága |h [elektronikus dokumentum] / |c Kuliffay Edéné Beniczky Irma |
| 260 | |c 1883 | ||
| 300 | |a 128 | ||
| 695 | |a Pszichológia - nők, Magyar irodalom - próza | ||
| 856 | 4 | 0 | |u http://misc.bibl.u-szeged.hu/25282/1/016_004_001-128.pdf |z Dokumentum-elérés |